The human body

Bibliographic Details
Main Author: Barnes, Kate
Other Authors: Weston, Steve
Format: Book
Published: London : Horus Editions Limited Publishers , 1995
Series:How it works
Subjects:

MARC

LEADER 00000cam a2200000 7i4500
001 0000027105
005 20151222.0
008 090814
020 |a 1899762027 
090 0 0 |a SC   |b ENG 
100 1 |a Barnes, Kate 
245 1 0 |a The human body   |c Kate Barnes 
260 |a London :   |b Horus Editions Limited Publishers ,   |c 1995 
440 |a How it works 
500 |a Children ages 10-12 years old (pink) 
650 0 |a Body, human   |x juvenile literature 
650 0 |a Human physiology   |x juvenile literature 
700 1 |a Weston, Steve 
999 |a 0001058015   |b Book   |c Children Collection   |e Perbadanan Perpustakaan Awam Johor